000 01530nam a2200337 a 4500
001 BRCA_3064
005 20190320204107.0
008 260109s1802----fr-a---###---#000-0#fre-u
041 _afre
044 _afr
084 _a371
_b.D48
_c1802
100 1 _aCervantes Saavedra, Miguel de
_d1547-1616
_9213
245 1 0 _aDon Quichotte de la Manche
_cMiguel de Cervantes Saavedra.
260 _aParís
_bDeterville
_c1802
300 _a6 v.
_bil.
_c13 cm.
500 _aContenido : v 1. Primera parte. Advertencia del traductor. Prólogo del autor. Texto. -- v 2. Texto. -- v 3. Texto. -- v 4. Segunda parte. Prefacio del traductor. Prólogo del autor. Texto. -- v 5. Texto. -- v 6. Texto
500 _aTraduit de l´Espagnol de Michel de Cervantes par Florian. Ouvrage posthume. Avec figures
500 _aReimpresión de la edición de 1799 de Didot, con láminas de Lefevre y Lebarbier. Piel; lomos y planos adornados con dorados Lúdovik Osterc
500 _aEstado físico : Presenta hojas subrayadas
500 _aCon ex-libris : Harry Caresse
500 _aQMB107
546 _aTexto en : francés
650 1 4 _aNovela española
_yÉpoca clásica, 1500-1700
_9215
650 1 4 _aLiteratura española
_yÉpoca clásica, 1500-1700
_9216
650 1 4 _aNovela española
_ySiglo XVII
_9217
650 1 4 _aDon Quijote (Personaje ficticio)
_eNovela
_9218
700 1 _aFlorian, Jean-Pierre Claris de
_d1755-1794
_eTraductor
_98386
740 0 _aEl Ingenioso Hidalgo Don Quijote de la Mancha
902 _aQFM
942 _2lcc
_cB
999 _c2800
_d2800